Statistics for Foo Fighters "Arlandria" Lyrics

Click here to take the quiz!

General Stats

  • This quiz has been taken 6 times
  • The average score is 382 of 437

Answer Stats

Answer% Correct
A
100%
a
100%
again
100%
and
100%
And
100%
Arlandria
100%
arms
100%
as
100%
away
100%
be
100%
been
100%
Come
100%
come
100%
couldn't
100%
day
100%
eyes
100%
giving
100%
go
100%
hear
100%
I
100%
I'm
100%
in
100%
I've
100%
My
100%
rain
100%
said
100%
same
100%
save
100%
Save
100%
saving
100%
say
100%
sweet
100%
that
100%
the
100%
to
100%
up
100%
Use
100%
used
100%
Virginia
100%
was
100%
when
100%
you
100%
You
100%
your
100%
another
80%
are
80%
army
80%
around
80%
blame
80%
can
80%
Close
80%
Don't
80%
don't
80%
down
80%
enough
80%
fame
80%
Fame
80%
game
80%
give
80%
hand
80%
Hey
80%
hush
80%
Hush
80%
if
80%
I'll
80%
it
80%
keep
80%
Let
80%
make
80%
me
80%
memories
80%
Memories
80%
more
80%
much
80%
not
80%
nothing
80%
now
80%
of
80%
ok
80%
on
80%
other
80%
out
80%
play
80%
see
80%
settle
80%
shame
80%
Shame
80%
So
80%
some
80%
sound
80%
spit
80%
started
80%
stop
80%
take
80%
that's
80%
there's
80%
turn
80%
want
80%
way
80%
what
80%
Ain't
60%
all
60%
always
60%
Became
60%
better
60%
Button
60%
Chase
60%
chase
60%
conversation
60%
drowned
60%
equation
60%
feel
60%
flames
60%
for
60%
God
60%
god
60%
got
60%
ground
60%
haunting
60%
heart
60%
Help
60%
it's
60%
Oh
60%
oh
60%
remember
60%
round
60%
shameful
60%
simple
60%
starts
60%
station
60%
them
60%
those
60%
Wait
60%
Watch
60%
burn
40%
care
40%
change
40%
flipped
40%
this
40%

Score Distribution

Percentile by Number Answered

Percent of People with Each Score

Your Score History

You have not taken this quiz